[Event "Loire-ch op 0506"]
[Site "Loire"]
[Date "2006.03.04"]
[Round "5"]
[White "Pendrigh, Robin"]
[Black "Trottet, Francois"]
[Result "1-0"]
[WhiteElo "1600"]
[BlackElo "1390"]
[PlyCount "33"]
[EventDate "2005.11.27"]
[EventType "swiss"]
[EventRounds "6"]
[EventCountry "FRA"]
[SourceTitle "EXT 2008"]
[Source "ChessBase"]
[SourceDate "2007.11.25"]
[SourceVersion "1"]
[SourceVersionDate "2007.11.25"]
[SourceQuality "1"]

1. e4 c5 2. Nf3 d6 3. d4 cxd4 4. Nxd4 a6 5. Be3 Nf6 6. Nc3 Nc6 7. Qd2 Nxd4 8. Bxd4 e5 9. Be3 Ng4 10. 0-0-0 Nxe3 11. Qxe3 Bd7 12. g3 b5 13. f4 f6 14. Be2 Kf7 15. fxe5 dxe5 16. Bg4 Kg8 17. Be6+ 1-0

[Event "Loire-ch op 0405"]
[Site "Loire"]
[Date "2005.04.09"]
[Round "6"]
[White "Trottet, Francois"]
[Black "Granger, Thierry"]
[Result "0-1"]
[WhiteElo "1420"]
[BlackElo "1499"]
[PlyCount "118"]
[EventDate "2004.10.16"]
[EventType "swiss"]
[EventRounds "9"]
[EventCountry "FRA"]
[SourceTitle "EXT 2008"]
[Source "ChessBase"]
[SourceDate "2007.11.25"]
[SourceVersion "1"]
[SourceVersionDate "2007.11.25"]
[SourceQuality "1"]

1. e4 c5 2. Nf3 e6 3. d4 cxd4 4. Nxd4 Nf6 5. Nc3 d6 6. Be3 Be7 7. h3 0-0 8. Be2 Nc6 9. Nf3 a6 10. Qd2 b5 11. 0-0 Bb7 12. Ng5 Re8 13. h4 h6 14. Nf3 Nh7 15. a3 Bxh4 16. Nxh4 Qxh4 17. Bf4 e5 18. Bg3 Qd8 19. Nd5 Nd4 20. Bg4 Bxd5 21. exd5 Nf6 22. Bh4 Ra7 23. Rae1 Rc7 24. c3 Nb3 25. Qe3 Nc5 26. Bf5 Qe7 27. Bxf6 Qxf6 28. Qh3 Ree7 29. Re3 Nb3 30. Rf3 Qg5 31. Rg3 Qf6 32. Rd1 Rc4 33. Rdd3 Rh4 34. Rxg7+ Kxg7 35. Qg3+ Qg5 36. Qf3 Qf4 37. Qg3+ Qxg3 38. Rxg3+ Kf6 39. Bc2 Nc5 40. b4 Nd7 41. Rf3+ Rf4 42. Rh3 Kg5 43. Bd1 Nf6 44. Rg3+ Kf5 45. f3 Nh5 46. Bc2+ e4 47. Rh3 Kg6 48. Kf2 Rf5 49. g4 Rf6 50. gxh5+ Kg7 51. Rg3+ Kf8 52. Kg2 exf3+ 53. Kh3 f2 54. Bd3 f1Q+ 55. Bxf1 Rxf1 56. Kh4 Re4+ 57. Kh3 Rfe1 58. Rf3 R1e3 59. Rxe3 Rxe3+ 0-1

[Event "Loire-ch op 0405"]
[Site "Loire"]
[Date "2004.11.27"]
[Round "3"]
[White "Trottet, Francois"]
[Black "Gidrol, Thibault"]
[Result "1-0"]
[WhiteElo "1440"]
[BlackElo "1310"]
[PlyCount "59"]
[EventDate "2004.10.16"]
[EventType "swiss"]
[EventRounds "9"]
[EventCountry "FRA"]
[SourceTitle "EXT 2008"]
[Source "ChessBase"]
[SourceDate "2007.11.25"]
[SourceVersion "1"]
[SourceVersionDate "2007.11.25"]
[SourceQuality "1"]

1. e4 e5 2. Nf3 Nc6 3. Bb5 Nf6 4. 0-0 Nxe4 5. d4 exd4 6. Bxc6 dxc6 7. Re1 Bf5 8. Nxd4 Bc5 9. Be3 Qd6 10. Nxf5 Qe5 11. Bxc5 Qxf5 12. Bd4 Rd8 13. Re2 c5 14. Qe1 cxd4 15. c4 Rd6 16. Rxe4+ Re6 17. Nd2 0-0 18. Rxe6 fxe6 19. f3 Rf6 20. Ne4 Rg6 21. Rd1 h5 22. Qe2 h4 23. h3 Qxh3 24. Nc5 Qf5 25. Ne4 h3 26. g3 Rh6 27. Kh2 b6 28. Rxd4 Qe5 29. Qd3 Kh7 30. Ng5+ 1-0

[Event "Loire-ch op"]
[Site "Loire"]
[Date "2004.03.20"]
[Round "6"]
[White "Trottet, Francois"]
[Black "Gidrol, Thibault"]
[Result "0-1"]
[WhiteElo "1500"]
[BlackElo "1440"]
[PlyCount "41"]
[EventDate "2004.01.10"]
[EventType "swiss"]
[EventRounds "9"]
[EventCountry "FRA"]
[SourceTitle "EXT 2008"]
[Source "ChessBase"]
[SourceDate "2007.11.25"]
[SourceVersion "1"]
[SourceVersionDate "2007.11.25"]
[SourceQuality "1"]

1. e4 e6 2. d4 c5 3. c3 Nc6 4. dxc5 Bxc5 5. Nf3 Nf6 6. h3 h6 7. Bd3 0-0 8. Nbd2 e5 9. Nc4 b5 10. Ncxe5 Nxe5 11. Nxe5 Qe7 12. Nf3 b4 13. 0-0 bxc3 14. bxc3 Nh5 15. Qc2 Nf6 16. e5 Nh5 17. g4 Bb7 18. Be4 Bxe4 19. Qxe4 f5 20. Qd5+ Kh8 21. gxh5 0-1